000 00501nam a2200181Ia 4500
005 20250508160930.0
008 008 250505s9999 xx 000 0 eng d
037 _aTextual
040 _aFEDL
_beng
_cFEDL
041 _aeng
_2eng
084 _a513.07, NOW
_qFEDL
100 _aNowlan Robert A
_9769777
245 0 _aGeomotry for teachers
260 _aNew York, USA
_bHarper and Row Publisher
_c1975
300 _a391p.
942 _cTEXL
_h513.07, NOW
999 _c1367467
_d1367467